000 00637nam a2200145Ia 4500
008 100204s9999 xx 000 0 und d
082 _b24215
100 _aखाडीलकर उषा
245 _aस्त्री मुक्ती एक कुतुहल आणखीन काही
260 _b"वसंत बुक स्टॉल , मुंबई"
_c1999
300 _a120
630 _aस्त्री मुक्ती एक कुतुहल आणखीन काही
730 _aस्त्री मुक्ती एक कुतुहल आणखीन काही
942 _cBOOK
999 _c469396
_d469393